La desviación procesal en el proceso administrativo ambiental. Un análisis bajo la exigencia constitucional del derecho a la tutela judicial efectiva.
I tiakina i:
| Kaituhi matua: | |
|---|---|
| Hōputu: | Pukapuka |
| I whakaputaina: |
Santiago, Chile:
Hammurabi,
2024.
|
| Putanga: | 1ª Edición. |
| Rangatū: | Colección Estudios de Derecho Procesal,
|
| Ngā marau: | |
| Ngā Tūtohu: |
Tāpirihia he Tūtohu
Kāore He Tūtohu, Me noho koe te mea tuatahi ki te tūtohu i tēnei pūkete!
|
MARC
| LEADER | 00000nam a22000007a 4500 | ||
|---|---|---|---|
| 003 | CL-VaPUC | ||
| 005 | 20241118160226.0 | ||
| 008 | 241107t2024 ||||| |||| 00| 0 eng d | ||
| 999 | |c 445502 |d 445500 | ||
| 020 | |a 978-956-6396-11-6 | ||
| 040 | |c Pontificia Universidad Católica de Valparaíso | ||
| 082 | |2 22 |a 344.046 GAB 2024 | ||
| 100 | 1 | |a Gabler Atucha, Josefina Antonia |e autora |9 893335 | |
| 245 | |a La desviación procesal en el proceso administrativo ambiental. |b Un análisis bajo la exigencia constitucional del derecho a la tutela judicial efectiva. | ||
| 250 | |a 1ª Edición. | ||
| 260 | |a Santiago, Chile: |b Hammurabi, |c 2024. | ||
| 300 | |a 103 páginas. | ||
| 490 | |a Colección Estudios de Derecho Procesal, |n n° 2. | ||
| 500 | |a c.1-2 Profesora Sophia Romero. Memo DER 25-10-2024. | ||
| 583 | |c 20241107 |k Catalogador Asistente | ||
| 650 | 0 | |9 254851 |a Derecho administrativo |x Medio Ambiente |z Chile y España | |
| 650 | 0 | |9 863074 |a Tribunales ambientales |x Desviación procesal |x Derecho comparado |z España y Chile | |
| 650 | 0 | |9 499116 |a Derecho ambiental |x Ley N° 19.300 de Bases Generales del Medio Ambiente |z Chile | |
| 942 | |2 ddc |c BK | ||
| 952 | |0 0 |1 0 |2 ddc |4 0 |6 344_046000000000000_GAB_2024 |7 0 |8 A |9 597821 |a BIBDER |b BIBDER |d 2024-11-07 |e Donación |i 5663132 |o 344.046 GAB 2024 |p 5663132 |r 2024-11-07 |t 1 |w 2024-11-07 |y BK |k DER | ||
| 952 | |0 0 |1 0 |2 ddc |4 0 |6 344_046000000000000_GAB_2024 |7 0 |8 A |9 597822 |a BIBDER |b BIBDER |d 2024-11-07 |e Donación |i 5663133 |o 344.046 GAB 2024 |p 5663133 |r 2024-11-07 |t 2 |w 2024-11-07 |y BK |k DER | ||